LDR 01041naa#a2200205#i#450# 001 RU\\bibl\124360 005 20260607025139.7 011 ## _a2073-1574 100 ## _a20260529b2026####ek#y0rusy0150####ca 102 ## _aRU 200 1# _aРазработка модифицированной методики расчета ресурса подшипников качения для высокоскоростных режимов работы _eЖурнальная статья 210 1# _aАстрахань _cАстраханский государственный технический университет _d2026 215 ## _a6 с. 608 ## _aЖурнальная статья _2local 675 ## _aДетали для передачи вращения. 62-233 _z 700 #1 _aАндреев _gАлександр Иванович 700 #1 _aАзаров _gМаксим Витальевич 700 #1 _aСлавин _gБорис Матвеевич 700 #1 _aСеменов _gАлександр Евгеньевич 856 4# _avestnik.astu.org _u